ON THE OCCURRENCE OF DIMORPHIC MALES IN THELASTOMA ATTENUATUM LEIDY, 1849

Bibliographic Details
Main Author: Lee, D. L. (Author)
Format: Article
Language:English

MARC

LEADER 00000nab a2200000ua 4500
001 vtls010796224
003 SK-MaSNL
005 20260303214206.0
008 230218s xo |||||||||||||||||eng|
035 |a (urnnbn)urn:nbn:sk:snk:ar-a05suc 
035 |a (uuid)6f62c5f1-f1f8-43eb-aac9-6de6e4aa5f79 
035 |a urn:nbn:sk:snk-ab4v52 
040 |a SNKBUCL  |b slo  |c SNKBUCL  |e AACR2 
041 0 |a eng 
044 |a xo  |c SK 
100 1 |a Lee, D. L.  |4 aut  |9 1248915 
245 1 0 |a ON THE OCCURRENCE OF DIMORPHIC MALES IN THELASTOMA ATTENUATUM LEIDY, 1849  |c D. L. Lee 
773 0 |t Helminthologia  |g Roč. 14-15, č. 1-4 (1973-74), s. 839-844 
958 |a OND 
958 |a EUIPO 
958 |a article3 
999 |c 2215850  |d 2217780